00963nam a22002537a 450000500170000000800410001702000150005804100080007304400070008108200190008810000230010724501250013026000280025530000440028350400280032765000720035565000730042765000430050065000510054370000260059470000250062070000300064570000340067520140312122525.0100120s1993 ec ab gr 00010 spa d a9978990305 aspa aec04a338.2728bK49c1 aKimerling, Judith.10aCrudo amazónico / c traducción Rodney Youman y Raúl Pardo ; revisión Simón Espinoza y Consuelo Fernández S.3 aQuito bAbya-Yalac1993 aviii, 152 p. : bil., mapas. ; c24 cm. aIncluye bibliografía. 6aResiduos del petróleox Aspectos ambientalesz Amazonas (Ecuador) 6aIndustria del petróleox Aspectos ambientalesz Amazonas (Ecuador) aEcología humanaz Amazonas (Ecuador) 6aIndígenas de Ecuadorx Condiciones sociales.1 aYouman, Rodney, etr.1 aPardo, Raúl, etr.1 aEspinoza, Simón, erev.1 aFernández, Consuelo, erev.